000 00641nam a2200289Ia 4500
005 20260401122420.0
008 008 250103s9999 xx 000 0 eng d
020 _a9780307377678
037 _aTB
040 _aEDL
040 _beng
040 _cEDL
041 _2eng
041 _aeng
084 _a822.3'3 GAR
084 _qEDL
100 _aGarber, Marjorie
_91233545
245 0 _aShakespeare and Modern Culture
245 0 _cGarber, Marjorie
260 _bPantheon Books
260 _c2008
300 _a326p
942 _cTB
942 _h822.3'3 GAR
999 _c1847125
_d1847125